Decir y no decir: principios de semántica lingüística

Gardado en:
Detalles Bibliográficos
Autor Principal: Ducrot, Oswald (Author)
Formato: Libro
Idioma:Lingua castelá
Publicado: Barcelona Anagrama 1982
Subjects:
Tags: Engadir etiqueta
Sen Etiquetas, Sexa o primeiro en etiquetar este rexistro!

MARC

LEADER 00000nam a2200000 a 4500
001 UCQ2759
003 CL-VaPUC
008 980731e19820000SP |||||||||||||||||spa|d
082 0 4 |a 401.43  |b DUC  |2 21 
100 0 |a Ducrot, Oswald  |e author  |9 416818 
245 1 0 |a Decir y no decir: principios de semántica lingüística 
300 |a 286 p 
942 |c BK 
945 |d 19980731 00:00:00  |a crobeson 
260 |a Barcelona  |b Anagrama  |c 1982 
650 0 |a Semántica  |9 265318 
650 7 |a LINGUISTICA DESCRIPTIVA  |2 CL-VaPUC  |9 416819 
650 0 |a Análisis lingüístico  |9 314711 
650 0 |a Lingüística  |9 265068 
583 |a last modification  |c 19980731 00:00:00  |k Rodrigo Vera 
999 |c 273529  |d 273527 
952 |0 0  |1 0  |4 0  |6 401_430000000000000_DUC_1982  |7 0  |8 A  |9 309165  |a BIBEDU  |b BIBEDU  |d 2019-11-20  |i 1449249  |o 401.43 DUC 1982  |p 1449249  |r 2019-11-20  |w 2019-11-20  |y BK  |k LIT 
952 |0 0  |1 0  |4 0  |6 401_430000000000000_DUC_1982  |7 0  |8 A  |9 309166  |a FDOPOS  |b BIBEDU  |d 2019-11-20  |i 3701204  |l 1  |o 401.43 DUC 1982  |p 3701204  |r 2025-01-22  |s 2024-04-30  |w 2019-11-20  |y BK  |k MLA 
952 |0 0  |1 0  |4 0  |6 401_430000000000000_DUC_1982  |7 0  |8 A  |9 309167  |a FDOPOS  |b FDOPOS  |d 2019-11-20  |i 3772527  |o 401.43 DUC 1982  |p 3772527  |r 2019-11-20  |w 2019-11-20  |y BK  |k MLA